[Event "Team men PL chess 2021"]
[Site "?"]
[Date "2021.05.02"]
[Round "2.2"]
[White "Oparin, Grigoriy"]
[Black "Zakhartsov, Vladimir"]
[Result "1-0"]
[WhiteElo "2652"]
[BlackElo "2496"]
[PlyCount "151"]
[EventDate "2021.??.??"]

1.d4 d5 2.Nf3 Nf6 3.c4 dxc4 4.e3 e6 5.Bxc4 c5 6.O-O a6 7.a4 Nc6
8.Nc3 Be7 9.Qe2 cxd4 10.exd4 Nxd4 11.Nxd4 Qxd4 12.Rd1 Qh4 13.Be3
Bd7 14.Rd4 Qh5 15.Qxh5 Nxh5 16.g4 Nf6 17.g5 Ng8 18.b4 Bxb4 19.Bxe6
Bxe6 20.Rxb4 Ne7 21.Rxb7 Nd5 22.Nxd5 Bxd5 23.Rb6 O-O 24.Rc1 f6
25.h4 fxg5 26.hxg5 Rf7 27.a5 Be4 28.Rd6 Bf3 29.Rc2 Rb7 30.Kh2
Bh5 31.Kg3 Be8 32.f4 Rb3 33.Kf2 Rb7 34.f5 Bd7 35.Rc5 Bb5 36.Bd4
Rd7 37.Rxd7 Bxd7 38.Kg3 Rc8 39.Rd5 Bb5 40.Kf4 Kf7 41.Rd6 Rc7
42.Rb6 Bd3 43.Rd6 Rc1 44.Rd7+ Ke8 45.Rd5 Rf1+ 46.Kg4 Be2+ 47.Kg3
Rf3+ 48.Kg2 Rf4 49.Re5+ Kd7 50.Be3 Rb4 51.f6 gxf6 52.gxf6 Bc4
53.Re7+ Kd6 54.Bf4+ Kc6 55.f7 Bxf7 56.Rxf7 h5 57.Rf6+ Kb7 58.Be3
Rb5 59.Bb6 Rg5+ 60.Kf3 Rg7 61.Be3 Rc7 62.Rb6+ Ka7 63.Rh6+ Kb7
64.Ke4 h4 65.Kd5 h3 66.Rxh3 Rd7+ 67.Kc4 Rc7+ 68.Bc5 Ka8 69.Kd5
Kb7 70.Bd6 Rg7 71.Rb3+ Ka8 72.Kc6 Rg8 73.Rh3 Rg6 74.Rh8+ Ka7
75.Rh7+ Ka8 76.Rd7 1-0

[Event "Team men PL chess 2021"]
[Site "?"]
[Date "2021.05.02"]
[Round "2.3"]
[White "Makarian, Rudik"]
[Black "Timofeev, Artyom"]
[Result "1/2-1/2"]
[WhiteElo "2481"]
[BlackElo "2594"]
[PlyCount "82"]
[EventDate "2021.??.??"]

1.d4 d5 2.c4 e6 3.Nf3 c6 4.b3 Bd6 5.g3 f5 6.Bg2 Nf6 7.O-O O-O
8.Ba3 Bxa3 9.Nxa3 Bd7 10.Nc2 Be8 11.Nce1 Bh5 12.Nd3 Bxf3 13.exf3
Nbd7 14.Qe1 Re8 15.Qc3 Rc8 16.Rfe1 c5 17.dxc5 Nxc5 18.Nxc5 Rxc5
19.Qd4 b6 20.cxd5 Rxd5 21.Qc4 Rd4 22.Qc6 Rd6 23.Qc4 Rd4 24.Qc6
Rd6 25.Qa4 Qd7 26.Qxd7 Rxd7 27.Bf1 Rd6 28.Rac1 Kf7 29.Rc2 Nd5
30.Bc4 Nb4 31.Rce2 Nc6 32.Bb5 Red8 33.Bxc6 Rxc6 34.Kg2 Kf6 35.f4
Rd3 36.h4 h5 37.Kh2 b5 38.Kg2 a6 39.Kh2 Rd5 40.Kg2 a5 41.Kf1
Kf7 1/2-1/2

[Event "Team men PL chess 2021"]
[Site "?"]
[Date "2021.05.02"]
[Round "2.4"]
[White "Makhmutov, Rail"]
[Black "Afanasiev, Nikita"]
[Result "0-1"]
[WhiteElo "2450"]
[BlackElo "2522"]
[PlyCount "72"]
[EventDate "2021.??.??"]

1.d4 Nf6 2.c4 g6 3.Nc3 d5 4.cxd5 Nxd5 5.e4 Nxc3 6.bxc3 Bg7 7.Nf3
c5 8.Bb5+ Nd7 9.O-O a6 10.Be2 O-O 11.a4 Nf6 12.Qd3 b6 13.Bf4
cxd4 14.cxd4 Bb7 15.Nd2 Ne8 16.Be3 Nd6 17.Rfb1 b5 18.axb5 axb5
19.Rxa8 Qxa8 20.Bf3 Rc8 21.h4 Nc4 22.h5 Qa4 23.Nb3 Nxe3 24.Qxe3
Qb4 25.Rd1 Rc3 26.Rd3 Bh6 27.Rxc3 Bxe3 28.Rxe3 Kg7 29.hxg6 hxg6
30.g3 g5 31.Kh2 Bc8 32.Kg1 Qa3 33.Be2 b4 34.Bc4 Bg4 35.Kg2 Qb2
36.e5 Bd1 0-1

[Event "Team men PL chess 2021"]
[Site "?"]
[Date "2021.05.02"]
[Round "2.5"]
[White "Kukhmazov, Arsen"]
[Black "Samusenko, Maksim"]
[Result "1/2-1/2"]
[WhiteElo "2458"]
[BlackElo "2469"]
[PlyCount "100"]
[EventDate "2021.??.??"]

1.d4 Nf6 2.c4 d6 3.Nf3 g6 4.g3 Bg7 5.Bg2 O-O 6.O-O c6 7.Nc3 Qa5
8.e4 e5 9.h3 Nbd7 10.Qc2 exd4 11.Nxd4 Nb6 12.b3 Nxe4 13.Nxe4
Bxd4 14.Bd2 Qe5 15.Bf4 Qg7 16.Rad1 Bf5 17.Qd2 Bxe4 18.Bxe4 Bc3
19.Qxd6 Rfe8 20.Bf3 Be5 21.Bxe5 Qxe5 22.c5 Qxd6 23.Rxd6 Nc8 24.Rd7
Rb8 25.Rfd1 Kf8 26.R1d4 Re7 27.Rd8+ Re8 28.Kg2 h5 29.Be4 Rxd8
30.Rxd8+ Ke7 31.Rh8 Ra8 32.f4 Kf6 33.Rd8 Ke6 34.Rd4 Rb8 35.Kf2
b6 36.Bxc6 bxc5 37.Rd8 Ke7 38.Re8+ Kd6 39.Be4 Rb4 40.Kf3 Kd7
41.Re5 Nd6 42.Bd3 Rd4 43.Ke3 Kc6 44.Rg5 a5 45.h4 Rd5 46.f5 gxf5
47.Be2 Re5+ 48.Kd3 Rd5+ 49.Ke3 Re5+ 50.Kd3 Rd5+ 1/2-1/2

[Event "Team men PL chess 2021"]
[Site "?"]
[Date "2021.05.02"]
[Round "2.6"]
[White "Faizrakhmanov, Ramil"]
[Black "Vetokhin, Savva"]
[Result "1/2-1/2"]
[WhiteElo "2487"]
[BlackElo "2270"]
[PlyCount "106"]
[EventDate "2021.??.??"]

1.d4 Nf6 2.c4 e6 3.Nf3 d5 4.Nc3 Bb4 5.Qa4+ Nc6 6.e3 O-O 7.Bd2
dxc4 8.Bxc4 Bd6 9.Rd1 e5 10.dxe5 Nxe5 11.Nxe5 Bxe5 12.h3 Qe7
13.Qc2 Be6 14.Bd3 Rfd8 15.O-O Qd7 16.Be1 Qc6 17.f4 Bxc3 18.Bxc3
Bc4 19.Bxf6 Rxd3 20.Rxd3 Bxd3 21.Qxc6 bxc6 22.Rd1 Bc4 23.Bd4
Bxa2 24.Bxa7 Bd5 25.Bd4 f6 26.Kf2 Kf7 27.Bc3 h5 28.Rd4 f5 29.g4
hxg4 30.hxg4 g6 31.g5 Ke6 32.Rd1 c5 33.Be5 c6 34.Rc1 c4 35.Kg3
Ra7 36.Bd4 Ra6 37.Rd1 Ra8 38.Kf2 Ra2 39.Ke2 Ra5 40.Kd2 Ra6 41.Kc3
Ra5 42.Rc1 Ra8 43.Rc2 Ra1 44.Kb4 Rb1 45.Kc5 Rd1 46.Rc3 Rd3 47.Ra3
Rb3 48.Ra5 Rb5+ 49.Rxb5 cxb5 50.Kxb5 Kf7 51.Kc5 Be6 52.Bf6 Kg8
53.Kd6 Kf7 1/2-1/2

[Event "Team men PL chess 2021"]
[Site "?"]
[Date "2021.05.02"]
[Round "2.7"]
[White "Truskavetsky, Alexandr"]
[Black "Motylev, Alexander"]
[Result "0-1"]
[WhiteElo "2387"]
[BlackElo "2641"]
[PlyCount "92"]
[EventDate "2021.??.??"]

1.d4 Nf6 2.Nf3 d5 3.c4 e6 4.g3 Bb4+ 5.Bd2 Be7 6.Bg2 O-O 7.O-O
Nbd7 8.Qc2 c6 9.Bf4 a5 10.Rd1 h6 11.Nc3 dxc4 12.e4 a4 13.a3 Qa5
14.Qe2 Qa6 15.d5 exd5 16.exd5 Re8 17.dxc6 bxc6 18.Nd4 Bf8 19.Qf3
Nc5 20.Qxc6 Bg4 21.Re1 Rec8 22.Qxa6 Rxa6 23.Ndb5 Rd8 24.Nc7 Rb6
25.N7d5 Nxd5 26.Bxd5 Rxb2 27.Bxc4 Rc2 28.Rac1 Rxc1 29.Bxc1 Nb3
30.Nxa4 Nd4 31.Kg2 Bf3+ 32.Kh3 g5 33.g4 h5 34.gxh5 g4+ 35.Kg3
Bd6+ 36.Kh4 Bc6 37.Bg5 Rb8 38.Rd1 Nf3+ 39.Kxg4 Ne5+ 40.Kf5 Nxc4
41.Nc3 Bd7+ 42.Ke4 Re8+ 43.Kd4 Nb2 44.Rg1 Bxh2 45.Rg2 Be5+ 46.Kd5
Be6+ 0-1

[Event "Team men PL chess 2021"]
[Site "?"]
[Date "2021.05.02"]
[Round "2.8"]
[White "Goryachkina, Aleksandra"]
[Black "Musalov, Ruslan"]
[Result "1-0"]
[WhiteElo "2593"]
[BlackElo "2359"]
[PlyCount "115"]
[EventDate "2021.??.??"]

1.d4 d5 2.c4 e6 3.Nc3 Nf6 4.cxd5 exd5 5.Bg5 Nbd7 6.e3 h6 7.Bf4
a6 8.Bd3 c5 9.dxc5 Nxc5 10.Nge2 Be7 11.O-O O-O 12.Rc1 Be6 13.Nd4
Qd7 14.Bb1 Rac8 15.h3 b5 16.a3 Nce4 17.Nxe6 Qxe6 18.Ne2 Rxc1
19.Qxc1 Rc8 20.Qd1 Bf8 21.Nd4 Qb6 22.Be5 Nd7 23.Qg4 Rd8 24.Bf4
Ndf6 25.Qe2 Rc8 26.Rd1 g6 27.Ba2 Kh7 28.Qf3 Re8 29.Nc2 a5 30.Nd4
Bg7 31.Qe2 b4 32.Qc2 Nc5 33.Rc1 Bf8 34.a4 Qb7 35.Nb5 Qd7 36.Bc7
Nb7 37.Bb6 Re6 38.Bd4 Bc5 39.Bxf6 Rxf6 40.Rd1 Rf5 41.Qd2 Nd6
42.Nxd6 Qxd6 43.Bxd5 Qe5 44.Bf3 Ba7 45.Qd7 Bxe3 46.Rd5 Qg3 47.Rxf5
Qxf2+ 48.Kh2 Qg1+ 49.Kg3 Qf2+ 50.Kh2 Qg1+ 51.Kg3 Qf2+ 52.Kg4
gxf5+ 53.Kh5 Kg7 54.Bd5 Qg3 55.Qxf7+ Kh8 56.Qf8+ Kh7 57.Qxf5+
Kh8 58.Qf8+ 1-0

[Event "Team men PL chess 2021"]
[Site "?"]
[Date "2021.05.02"]
[Round "2.9"]
[White "Alexeev, Alexey"]
[Black "Kobalia, Mikhail"]
[Result "0-1"]
[WhiteElo "2243"]
[BlackElo "2587"]
[PlyCount "112"]
[EventDate "2021.??.??"]

1.e4 c6 2.d4 d5 3.e5 Bf5 4.Nf3 e6 5.Be2 Ne7 6.O-O Nd7 7.Nbd2
Bg6 8.Nb3 Nf5 9.Bd2 Rc8 10.Rc1 Be7 11.g4 Nh6 12.h3 O-O 13.Be3
f6 14.exf6 Rxf6 15.g5 Rxf3 16.Bxf3 Bxg5 17.Qd2 Nf7 18.Bg4 Qf6
19.Rce1 Re8 20.Bxg5 Nxg5 21.f4 Ne4 22.Qg2 Nb6 23.c3 Nc4 24.Nc5
Ncd2 25.Nxe4 Nxe4 26.Bf3 Rf8 27.Bxe4 Bxe4 28.Qg5 Qf7 29.Kh2 Qd7
30.Re3 Rf5 31.Qh4 Rf6 32.Rg3 Bg6 33.Rg5 Qf7 34.Re5 Be4 35.Qg3
h6 36.Rf2 Kh8 37.Qh4 Kg8 38.Kg1 b6 39.a3 c5 40.Qh5 Qxh5 41.Rxh5
cxd4 42.cxd4 Bf5 43.Rf3 Kh7 44.Rc3 Kg6 45.Rh4 Rf8 46.Kf2 h5 47.Rc7
a5 48.Rb7 Kh6 49.Rxb6 Rc8 50.Kg3 Rc1 51.Rb8 g6 52.Rh8+ Kg7 53.Ra8
Rb1 54.Rxa5 Rxb2 55.Ra7+ Kf6 56.Ra4 Be4 0-1

[Event "Team men PL chess 2021"]
[Site "?"]
[Date "2021.05.02"]
[Round "2.10"]
[White "Murzin, Volodar"]
[Black "Babakekhyan, Artem"]
[Result "1-0"]
[WhiteElo "2478"]
[BlackElo "2236"]
[PlyCount "59"]
[EventDate "2021.??.??"]

1.e4 c5 2.Nf3 d6 3.d4 cxd4 4.Qxd4 Nc6 5.Qe3 Nf6 6.Be2 g6 7.O-O
Bg7 8.Rd1 Ng4 9.Qb3 Be6 10.Qxb7 Na5 11.Qa6 Qc7 12.h3 Ne5 13.Nxe5
Bxe5 14.Bd2 Nc4 15.Bxc4 Bxc4 16.Qa4+ Kf8 17.Bc3 Rb8 18.Bxe5 dxe5
19.Rd7 Qc8 20.Rxa7 Kg7 21.Qa3 Rd8 22.Nc3 Rd2 23.Qxe7 Be6 24.Qg5
Rxc2 25.Qxe5+ Kg8 26.Rc7 Qd8 27.Nd5 Rxc7 28.Nxc7 Rb6 29.Nd5 Bxd5
30.exd5 1-0

[Event "Team men PL chess 2021"]
[Site "?"]
[Date "2021.05.02"]
[Round "2.11"]
[White "Pervakov, Sergey"]
[Black "Savchenko, Boris"]
[Result "0-1"]
[WhiteElo "2056"]
[BlackElo "2538"]
[PlyCount "66"]
[EventDate "2021.??.??"]

1.e4 c5 2.a3 e6 3.b4 cxb4 4.axb4 Bxb4 5.Bb2 Bf8 6.Ra3 Nc6 7.Rg3
Nf6 8.e5 Ne4 9.Re3 Qb6 10.Ba3 d5 11.Bxf8 Rxf8 12.c3 Qb2 13.f3
Nc5 14.d4 Na4 15.Ne2 Bd7 16.Nf4 Na5 17.Be2 Rc8 18.O-O Nxc3 19.Nxc3
Rxc3 20.Rxc3 Qxc3 21.Nh5 Nb3 22.Nxg7+ Ke7 23.Kh1 Nxd4 24.Bd3
Rg8 25.Nh5 Rg5 26.f4 Rxh5 27.Qxh5 Qxd3 28.Qg5+ Kf8 29.Qd8+ Be8
30.Qd6+ Kg7 31.Ra1 Bc6 32.h4 Qg6 33.Ra3 Nb5 0-1

[Event "Team men PL chess 2021"]
[Site "?"]
[Date "2021.05.02"]
[Round "2.13"]
[White "Shubin, Kirill"]
[Black "Matlakov, Maxim"]
[Result "1/2-1/2"]
[WhiteElo "2481"]
[BlackElo "2688"]
[PlyCount "82"]
[EventDate "2021.??.??"]

1.e4 c5 2.Nf3 d6 3.Bb5+ Nd7 4.Ba4 Ngf6 5.O-O e6 6.d3 Be7 7.c4
O-O 8.Nc3 Qc7 9.Qe2 a6 10.h3 b6 11.Nh2 Bb7 12.f4 Bc6 13.Bxc6
Qxc6 14.a4 Ne8 15.f5 Bf6 16.Bd2 Bd4+ 17.Kh1 Ne5 18.Rf4 Nf6 19.g4
Nfd7 20.Raf1 Bxc3 21.Bxc3 b5 22.f6 Nxf6 23.g5 Nfd7 24.Qh5 f6
25.Bxe5 Nxe5 26.Rh4 h6 27.gxf6 Qe8 28.Qe2 bxc4 29.dxc4 Rxf6 30.Rxf6
gxf6 31.Rf4 Ra7 32.Rxf6 Kg7 33.Rf1 Kh7 34.Ng4 Nxg4 35.hxg4 Qg6
36.Rf2 Rg7 37.Rg2 Rf7 38.e5 dxe5 39.Qxe5 Qg5 40.Qxg5 hxg5 41.Re2
Rf4 1/2-1/2

[Event "Team men PL chess 2021"]
[Site "?"]
[Date "2021.05.02"]
[Round "2.14"]
[White "Alekseenko, Kirill"]
[Black "Lobanov, Sergei"]
[Result "1/2-1/2"]
[WhiteElo "2699"]
[BlackElo "2515"]
[PlyCount "86"]
[EventDate "2021.??.??"]

1.e4 e5 2.Nf3 Nc6 3.Bb5 a6 4.Ba4 Bc5 5.c3 Ba7 6.d4 Nf6 7.O-O
O-O 8.d5 Ne7 9.Nxe5 d6 10.Nf3 Nxe4 11.Bc2 Nf6 12.c4 b5 13.b3
bxc4 14.bxc4 c6 15.Bg5 cxd5 16.Bxf6 gxf6 17.cxd5 Qa5 18.Nbd2
Bg4 19.h3 Bh5 20.Re1 Nxd5 21.Nb3 Qb6 22.Qxd5 Qxf2+ 23.Kh1 Bxf3
24.Qxf3 Qxc2 25.Re4 Qf2 26.Qd3 Rfe8 27.Nd4 Bxd4 28.Rxd4 Re1+
29.Rxe1 Qxe1+ 30.Kh2 Qe5+ 31.Qg3+ Kf8 32.Rxd6 Ke7 33.Rb6 a5 34.a4
Rg8 35.Qxe5+ fxe5 36.Ra6 h5 37.Rxa5 Ke6 38.Ra6+ Kf5 39.Rb6 Ra8
40.Rb4 e4 41.g3 Rd8 42.a5 Rd2+ 43.Kg1 e3 1/2-1/2

[Event "Team men PL chess 2021"]
[Site "?"]
[Date "2021.05.02"]
[Round "2.15"]
[White "Usmanov, Vasily"]
[Black "Esipenko, Andrey"]
[Result "0-1"]
[WhiteElo "2443"]
[BlackElo "2701"]
[PlyCount "84"]
[EventDate "2021.??.??"]

1.c4 Nf6 2.Nc3 e5 3.Nf3 Nc6 4.e4 Bb4 5.d3 d6 6.a3 Bxc3+ 7.bxc3
O-O 8.g3 Nd7 9.Nh4 a6 10.a4 Nc5 11.Bg2 Na5 12.Be3 Bd7 13.O-O
b5 14.axb5 axb5 15.cxb5 Bxb5 16.c4 Bd7 17.Nf5 Ne6 18.Qg4 Kh8
19.f4 Nc6 20.Rxa8 Qxa8 21.fxe5 Nxe5 22.Qe2 Qa6 23.d4 Qxc4 24.Qb2
Nd3 25.Qa1 f6 26.Rd1 Nb4 27.Rc1 Qb5 28.d5 Nc5 29.Bxc5 dxc5 30.Qc3
Qb8 31.Ra1 Bxf5 32.exf5 Qb6 33.Qc4 Re8 34.Kh1 Qd6 35.g4 h6 36.h3
Re3 37.Qb5 Kh7 38.Rc1 Nd3 39.Rf1 Qg3 40.d6 Nf2+ 41.Rxf2 Qxf2
42.dxc7 Re1+ 0-1

[Event "Team men PL chess 2021"]
[Site "?"]
[Date "2021.05.02"]
[Round "2.16"]
[White "Fedoseev, Vladimir"]
[Black "Pershin, Denis"]
[Result "1-0"]
[WhiteElo "2687"]
[BlackElo "2391"]
[PlyCount "57"]
[EventDate "2021.??.??"]

1.Nf3 d5 2.g3 g6 3.Bg2 Bg7 4.d4 Nf6 5.O-O O-O 6.c4 c6 7.Qa4 Qb6
8.Nc3 Qa6 9.Qxa6 Nxa6 10.cxd5 cxd5 11.Bf4 Rd8 12.Rfc1 Bd7 13.Ne5
Be8 14.Nd3 Rac8 15.e3 Nc7 16.a4 e6 17.Nc5 Bc6 18.b4 b6 19.Bxc7
Rxc7 20.Nxe6 fxe6 21.Nb5 Bxb5 22.Rxc7 Bc4 23.Rxa7 Bf8 24.a5 Rb8
25.a6 Bd6 26.Bh3 Ne8 27.Bxe6+ Kh8 28.Bd7 Bxb4 29.Rb7 1-0

[Event "Team men PL chess 2021"]
[Site "?"]
[Date "2021.05.02"]
[Round "2.17"]
[White "Askerov, Marat"]
[Black "Sakaev, Konstantin"]
[Result "0-1"]
[WhiteElo "2384"]
[BlackElo "2604"]
[PlyCount "76"]
[EventDate "2021.??.??"]

1.d4 d5 2.c4 e6 3.Nc3 c6 4.cxd5 exd5 5.Bf4 Bf5 6.e3 Nf6 7.h3
Qb6 8.Qc1 Nbd7 9.Nf3 Be7 10.Be2 O-O 11.O-O h6 12.Rd1 a5 13.Bd3
Bxd3 14.Rxd3 Qd8 15.Rd1 Nb6 16.Qc2 Re8 17.Ne5 Bf8 18.Nd3 Nfd7
19.Na4 Nxa4 20.Qxa4 Nb6 21.Qc2 Nc4 22.Nc5 Ra7 23.b3 Nd6 24.a3
Nb5 25.Qb2 Bxc5 26.dxc5 a4 27.b4 Ra8 28.Rd3 Qh4 29.Rad1 Re6 30.Qc2
Qf6 31.Kh2 h5 32.Kg1 h4 33.Bh2 Re4 34.Qd2 Rae8 35.f3 Rc4 36.Kf2
Nc3 37.Bf4 Nxd1+ 38.Qxd1 Qb2+ 0-1

[Event "Team men PL chess 2021"]
[Site "?"]
[Date "2021.05.02"]
[Round "2.18"]
[White "Ponkratov, Pavel"]
[Black "Timerkhanov, Alexander"]
[Result "1-0"]
[WhiteElo "2624"]
[BlackElo "2403"]
[PlyCount "63"]
[EventDate "2021.??.??"]

1.d4 d5 2.c4 c6 3.Nc3 Nf6 4.Nf3 a6 5.e3 Bf5 6.Nh4 Be6 7.Be2 g5
8.Nf3 g4 9.Ne5 Rg8 10.Qb3 Ra7 11.cxd5 cxd5 12.Bd2 Bh6 13.Rc1
Kf8 14.Qa3 Ra8 15.Nb5 Nbd7 16.Ba5 Qb8 17.Nc7 Ra7 18.Nxd7+ Nxd7
19.Bb4 Bg5 20.Nxe6+ fxe6 21.Bxg4 Kf7 22.Bh5+ Kf8 23.O-O a5 24.f4
Bh4 25.Bd2 Nf6 26.Bf3 Kf7 27.Qd3 Qf8 28.Rc7 Qh6 29.f5 Ne8 30.fxe6+
Kg7 31.Rd7 Qxe6 32.Bxd5 1-0

[Event "Team men PL chess 2021"]
[Site "?"]
[Date "2021.05.02"]
[Round "2.19"]
[White "Predke, Alexandr"]
[Black "Andreikin, Dmitry"]
[Result "1/2-1/2"]
[WhiteElo "2690"]
[BlackElo "2725"]
[PlyCount "129"]
[EventDate "2021.??.??"]

1.d4 d5 2.c4 e6 3.Nf3 Nf6 4.g3 Bb4+ 5.Bd2 Be7 6.Bg2 O-O 7.O-O
Nbd7 8.Qc2 c6 9.a4 a5 10.Bf4 Nh5 11.Bc1 Nhf6 12.Bf4 Nh5 13.Bc1
Nhf6 14.b3 b6 15.Bb2 Bb7 16.Nc3 Bb4 17.Rfd1 Rc8 18.Ne5 Qe7 19.Nxd7
Qxd7 20.Na2 Be7 21.Nc1 c5 22.dxc5 bxc5 23.e3 d4 24.exd4 Bxg2
25.Kxg2 Qb7+ 26.f3 Ng4 27.Re1 Bg5 28.Nd3 Rfd8 29.Bc3 Ne3+ 30.Rxe3
Bxe3 31.dxc5 Bd4 32.Re1 Bxc3 33.Qxc3 Rb8 34.Rb1 Qc6 35.Rd1 Qc7
36.Re1 Qb7 37.Rb1 Qc6 38.Rd1 Qc8 39.Re1 f6 40.h4 e5 41.b4 axb4
42.Nxb4 Ra8 43.c6 Rxa4 44.Re2 Kh8 45.Rb2 h6 46.Qc2 Ra7 47.Qf2
Ra1 48.Qb6 e4 49.fxe4 Rdd1 50.Nd5 Rg1+ 51.Qxg1 Rxg1+ 52.Kxg1
Qxc6 53.Rc2 Qc5+ 54.Kf1 Qd4 55.Ke2 Qxe4+ 56.Ne3 g5 57.c5 f5 58.Rc4
Qe6 59.hxg5 hxg5 60.Kd3 Qd7+ 61.Ke2 Qe6 62.c6 f4 63.gxf4 gxf4
64.Rxf4 Qxc6 65.Rf5 1/2-1/2

[Event "Team men PL chess 2021"]
[Site "?"]
[Date "2021.05.02"]
[Round "2.20"]
[White "Dreev, Aleksey"]
[Black "Malakhov, Vladimir"]
[Result "1/2-1/2"]
[WhiteElo "2647"]
[BlackElo "2665"]
[PlyCount "34"]
[EventDate "2021.??.??"]

1.d4 d5 2.c4 c6 3.Nf3 Nf6 4.e3 g6 5.Nc3 Bg7 6.Bd3 O-O 7.O-O Bg4
8.h3 Bxf3 9.Qxf3 e6 10.Rd1 Nbd7 11.Bd2 Re8 12.Be1 a6 13.Rac1
Rc8 14.a3 Qe7 15.Bf1 h5 16.Qg3 b5 17.cxd5 cxd5 1/2-1/2

[Event "Team men PL chess 2021"]
[Site "?"]
[Date "2021.05.02"]
[Round "2.21"]
[White "Inarkiev, Ernesto"]
[Black "Alekseev, Evgeny"]
[Result "1/2-1/2"]
[WhiteElo "2654"]
[BlackElo "2617"]
[PlyCount "71"]
[EventDate "2021.??.??"]

1.e4 c5 2.Nf3 e6 3.d4 cxd4 4.Nxd4 Nc6 5.Nc3 a6 6.Be2 d6 7.Be3
Nf6 8.f4 d5 9.e5 Nd7 10.Qd2 Bc5 11.Nb3 Bb4 12.Bd3 Qc7 13.O-O
O-O 14.Qf2 Be7 15.a3 b6 16.Rae1 Rb8 17.Qg3 f5 18.exf6 Nxf6 19.Nd4
Bd7 20.Kh1 b5 21.Bg1 b4 22.axb4 Nxd4 23.Bxd4 Bxb4 24.Qh4 h6 25.Re3
Bc5 26.Be5 Bd6 27.Qg3 Bxe5 28.fxe5 Ne4 29.Rxf8+ Rxf8 30.Nxe4
dxe4 31.Rxe4 Qxc2 32.h3 Qxb2 33.Qg6 Qc1+ 34.Kh2 Qg5 35.Qxg5 hxg5
36.Bxa6 1/2-1/2

[Event "Team men PL chess 2021"]
[Site "?"]
[Date "2021.05.02"]
[Round "2.22"]
[White "Zvjaginsev, Vadim"]
[Black "Sjugirov, Sanan"]
[Result "1/2-1/2"]
[WhiteElo "2614"]
[BlackElo "2663"]
[PlyCount "75"]
[EventDate "2021.??.??"]

1.c4 e5 2.Nc3 Nf6 3.Nf3 Nc6 4.a3 g6 5.g3 Bg7 6.Bg2 O-O 7.O-O
Re8 8.d3 e4 9.dxe4 Nxe4 10.Nxe4 Rxe4 11.Ng5 Re7 12.Ne4 h6 13.Bd2
d6 14.Bc3 Re8 15.Bxg7 Kxg7 16.b4 Qe7 17.b5 Nd8 18.a4 Ne6 19.a5
Rb8 20.b6 axb6 21.axb6 Rd8 22.bxc7 Nxc7 23.Qd4+ Qe5 24.Rfd1 Qxd4
25.Rxd4 b5 26.Rxd6 Rxd6 27.Nxd6 bxc4 28.Nxc4 Ba6 29.Ne5 Bxe2
30.f4 Ba6 31.Rc1 Ne8 32.Bd5 f6 33.Nc6 Rb5 34.Bf3 Rb2 35.Nd8 Rd2
36.Ne6+ Kf7 37.Nc5 Bc8 38.Ne4 1/2-1/2

[Event "Team men PL chess 2021"]
[Site "?"]
[Date "2021.05.02"]
[Round "2.23"]
[White "Sarana, Alexey"]
[Black "Rublevsky, Sergei"]
[Result "1/2-1/2"]
[WhiteElo "2649"]
[BlackElo "2642"]
[PlyCount "139"]
[EventDate "2021.??.??"]

1.d4 d5 2.Nf3 Nf6 3.c4 c6 4.Nc3 dxc4 5.g3 g6 6.Bg2 Bg7 7.O-O
O-O 8.e4 b5 9.Qe2 b4 10.Na4 Qa5 11.Nc5 Na6 12.e5 Nd5 13.Qxc4
Nxc5 14.Qxc5 Qxc5 15.dxc5 Bf5 16.Nd4 Rac8 17.Re1 Rfd8 18.Bg5
h6 19.Bd2 e6 20.a3 a5 21.axb4 axb4 22.Ra5 Bd3 23.h4 Ne7 24.Nf3
b3 25.Ra7 Nf5 26.Rb7 Bc2 27.Bc3 Bf8 28.g4 Ne7 29.Nd4 Nd5 30.Ba5
Re8 31.Bxd5 exd5 32.e6 fxe6 33.Nxe6 Re7 34.Rxe7 Bxe7 35.Nd4 Bxc5
36.Nxc2 bxc2 37.Rc1 Ra8 38.Bd2 Ra4 39.Rxc2 Rxg4+ 40.Kf1 Rc4 41.Rxc4
dxc4 42.Bxh6 Bd4 43.Bc1 Bf6 44.Ke2 Bxh4 45.Bd2 Kf7 46.Ke3 Kf6
47.f3 Ke5 48.Bc3+ Kf5 49.Kd4 Kf4 50.Kxc4 Be7 51.b4 Kxf3 52.Bd2
Ke4 53.Bc1 Bd6 54.Bg5 Kf5 55.Bd8 Ke6 56.Bg5 Be7 57.Bd2 Kf5 58.Bc1
Ke5 59.Bd2 Kd6 60.Bf4+ Kd7 61.b5 cxb5+ 62.Kxb5 Ke6 63.Kc4 Kf5
64.Bh6 Bg5 65.Bf8 Ke4 66.Kc3 Bh4 67.Kd2 Kf3 68.Kd1 Kf2 69.Bc5+
Kf1 70.Be3 1/2-1/2

[Event "Team men PL chess 2021"]
[Site "?"]
[Date "2021.05.02"]
[Round "2.24"]
[White "Sychev, Klementy"]
[Black "Najer, Evgeniy"]
[Result "1/2-1/2"]
[WhiteElo "2558"]
[BlackElo "2648"]
[PlyCount "62"]
[EventDate "2021.??.??"]

1.d4 Nf6 2.c4 e6 3.Nc3 Bb4 4.Bf4 O-O 5.Qb3 Nc6 6.e3 d5 7.Nf3
dxc4 8.Bxc4 Bd6 9.Bg5 Na5 10.Qa4 Nxc4 11.Qxc4 h6 12.Bh4 b6 13.Ne5
Bb7 14.O-O g5 15.Bg3 Nh5 16.Rad1 Nxg3 17.hxg3 Kg7 18.b4 Qe7 19.Nd3
f5 20.Rfe1 a5 21.b5 Rad8 22.e4 fxe4 23.Nxe4 Bd5 24.Qc2 Qf7 25.Re2
Qf5 26.Rde1 Rd7 27.Re3 Rdf7 28.a4 Bb4 29.R1e2 Bd6 30.Re1 Bb4
31.R1e2 Bd6 1/2-1/2

[Event "Team men PL chess 2021"]
[Site "?"]
[Date "2021.05.03"]
[Round "3.1"]
[White "Vitiugov, Nikita"]
[Black "Predke, Alexandr"]
[Result "1-0"]
[WhiteElo "2715"]
[BlackElo "2690"]
[PlyCount "85"]
[EventDate "2021.??.??"]

1.d4 Nf6 2.c4 e6 3.Nc3 Bb4 4.e3 O-O 5.Bd3 d5 6.a3 Bxc3+ 7.bxc3
dxc4 8.Bxc4 c5 9.Ne2 Qc7 10.Ba2 b6 11.O-O Rd8 12.Ng3 Bb7 13.Bb2
Nbd7 14.Qe2 Nf8 15.e4 Ng6 16.f3 Rac8 17.Rad1 h5 18.Qe3 h4 19.Ne2
{%08DA} Bxe4 ( 19...Ba6 20.Rf2 Nh5 ) 20.fxe4 Qxh2+ 21.Kxh2 Ng4+
22.Kg1 Nxe3 23.Rc1 Nxf1 24.Kxf1 b5 25.Kf2 Ne7 26.Bb1 cxd4 27.cxd4
Rxc1 28.Nxc1 Nc8 29.Nb3 Nb6 30.Bc3 Nc4 31.Bb4 Rc8 ( 31...f6 32.Bd3
Kf7 ) 32.d5 Rd8 {%08DA} 33.Na5 {!} ( 33.dxe6 fxe6 34.Ke2 Kf7 )
Nxa5 ( 33...exd5 34.Nc6 ) ( 33...Ne5 34.Be7 ( 34.Bc3 Nc4 35.Nc6
Rd7 ) Rd7 35.d6 f6 36.Nb3 Kf7 37.Nc5 Rxe7 38.dxe7 Kxe7 ) 34.Bxa5
Rd7 35.Ba2 exd5 36.exd5 Kf8 {%08DA} 37.d6 Ke8 ( 37...Rxd6 38.Bb4 )
38.Bc7 a5 39.Kf3 Rxc7 40.dxc7 Kd7 41.Bxf7 Kxc7 42.Kg4 Kd6 43.Kxh4 1-0

[Event "Team men PL chess 2021"]
[Site "?"]
[Date "2021.05.03"]
[Round "3.2"]
[White "Inarkiev, Ernesto"]
[Black "Matlakov, Maxim"]
[Result "1/2-1/2"]
[WhiteElo "2654"]
[BlackElo "2688"]
[PlyCount "100"]
[EventDate "2021.??.??"]

1.d4 Nf6 2.c4 e6 3.Nf3 d5 4.Nc3 Bb4 5.Bg5 h6 6.Bxf6 Qxf6 7.Qa4+
Nc6 8.e3 O-O 9.Rc1 Rd8 10.Qb3 a5 11.a3 a4 12.Qc2 Ba5 13.cxd5
exd5 14.Be2 Bf5 15.Qd1 Ne7 16.O-O Bxc3 17.Rxc3 c6 18.Ne5 Nc8
19.Rc1 Nd6 20.Qe1 Re8 21.Qb4 Qe7 22.Bh5 g6 23.Be2 Kg7 24.Rfe1
h5 25.Bf1 h4 26.f3 f6 27.Nd3 Bxd3 28.Bxd3 f5 29.Re2 Qd7 30.Qc3
Re6 31.e4 fxe4 32.fxe4 Nxe4 33.Bxe4 Rxe4 34.Rxe4 dxe4 35.d5+
Kh7 36.dxc6 bxc6 37.Qf6 Re8 38.h3 Re6 39.Qxh4+ Kg7 40.Qg4 Qd4+
41.Kh2 Qe5+ 42.Qg3 Qxb2 43.Qc7+ Kh6 44.Rc4 Qf6 45.Rxa4 Re5 46.Ra7
Qf4+ 47.Kg1 Qc1+ 48.Kh2 Qf4+ 49.Kg1 Qc1+ 50.Kh2 Qf4+ 1/2-1/2

[Event "Team men PL chess 2021"]
[Site "?"]
[Date "2021.05.03"]
[Round "3.3"]
[White "Alekseenko, Kirill"]
[Black "Sjugirov, Sanan"]
[Result "1-0"]
[WhiteElo "2699"]
[BlackElo "2663"]
[Annotator "barsky"]
[PlyCount "79"]
[EventDate "2021.??.??"]

{[%evp 0,79,36,43,60,66,57,83,84,19,40,17,39,31,24,-4,14,8,8,5,-15,-4,-7,6,-2,
1,9,15,17,-33,-10,0,13,18,22,15,12,2,43,42,41,52,59,57,63,63,70,59,59,59,65,29,
36,48,48,94,97,99,137,144,135,119,125,124,144,117,127,125,125,125,125,125,116,
114,166,175,180,202,212,234,405,431]} 1. e4 c6 2. d4 d5 3. e5 Bf5 4. Nd2 e6 5.
Nb3 c5 6. Bb5+ Nc6 7. dxc5 Bxc5 8. Bxc6+ bxc6 9. Nxc5 Qa5+ 10. c3 Qxc5 11. Ne2
Ne7 12. O-O a5 13. Be3 Qb5 14. a4 Qxb2 15. Bc5 Qc2 16. Qxc2 Bxc2 17. Nd4 Bg6
18. Ra2 Nf5 19. Rb2 Nxd4 20. cxd4 Kd7 21. Bd6 Ra7 22. Rc1 Rd8 23. h4 Bd3 {%08DA
} 24. Bc5 Rc7 25. Rc3 Bc4 (25... Bg6 26. Bd6 Ra7 27. f3) 26. Rg3 g6 27. Rf3 Ke8
28. h5 gxh5 29. Rg3 Kd7 30. Rg7 Kc8 31. Bd6 {[#]} Rb7 32. Rxb7 Kxb7 33. Rxf7+
Ka8 34. Re7 Bb3 35. Rxe6 Bxa4 36. Rf6 Kb7 37. Rf7+ Ka6 38. f4 Bc2 39. f5 Be4
40. e6 1-0

[Event "Team men PL chess 2021"]
[Site "?"]
[Date "2021.05.03"]
[Round "3.4"]
[White "Sarana, Alexey"]
[Black "Esipenko, Andrey"]
[Result "0-1"]
[WhiteElo "2649"]
[BlackElo "2701"]
[PlyCount "96"]
[EventDate "2021.??.??"]

1.d4 Nf6 2.c4 e6 3.Nc3 Bb4 4.f3 d5 5.a3 Be7 6.e4 dxc4 7.Bxc4
c5 8.Nge2 Nc6 9.Be3 O-O 10.dxc5 Ne5 11.Ba2 Nd3+ 12.Kf1 b6 13.c6
Bc5 14.c7 Qd7 15.Bxc5 bxc5 16.Qc2 Ba6 17.Rd1 Rfc8 18.Na4 Qb5
19.Nac3 Qxb2 20.Qa4 Qb6 21.Rb1 Qd6 22.Rd1 Nd7 23.f4 Rxc7 24.Bc4
Bxc4 25.Qxc4 Nb2 26.Rxd6 Nxc4 27.Rd3 Nxa3 28.Kf2 Nb6 29.Rhd1
Rcc8 30.Ra1 Nc2 31.Ra5 Nb4 32.Rd1 a6 33.e5 Nc4 34.Raa1 a5 35.Rd7
Rd8 36.Rb7 h6 37.Ne4 Nd3+ 38.Kf3 a4 39.g4 a3 40.g5 Rab8 41.Rxb8
Rxb8 42.gxh6 Rb3 43.Rg1 Ndxe5+ 44.Kf2 Rf3+ 45.Kg2 Re3 46.fxe5
Rxe4 47.Kf3 Nd2+ 48.Kf2 g6 0-1